| 000 | 01059nam a2200313Ia 4500 | ||
|---|---|---|---|
| 003 | OSt | ||
| 005 | 20221007122729.0 | ||
| 006 | a|||||r|||| 00| 0 | ||
| 007 | ta | ||
| 008 | 221006b |||||||| |||| 00| 0 eng d | ||
| 020 | _a9788126517558 (pbk) | ||
| 024 | _a161840 | ||
| 037 |
_b1447, 21/10/2011, Ashutosh Technical Books _cTextual |
||
| 040 |
_aPAPL _cPAPL _beng |
||
| 041 |
_2eng _aeng |
||
| 082 | _aCN, L21;10 Carpa | ||
| 100 | _aWeinberg Steven | ||
| 245 | 0 | _aGravitational and cosmology: Principles and applications of the general theory of relativity | |
| 260 |
_aNew _bDelhi Wiley-india _c1972 |
||
| 300 |
_axxviii; 657p. _ccm. |
||
| 500 | _aInclude bibliograhical references; Appendix 635-640p.; Index 641-657p. | ||
| 650 | _a Cosmology | ||
| 650 |
_a Gravitation _9391532 |
||
| 650 |
_a Relativity _9713529 |
||
| 650 |
_a Symmetric spaces _9715044 |
||
| 650 | _aPhysics | ||
| 942 |
_hCN, L21;10 Carpa _cTEXL _2CC |
||
| 999 |
_c1210842 _d1210842 |
||